| 000 | 00651nam a22002177a 4500 | ||
|---|---|---|---|
| 003 | koha_MIRAKIL | ||
| 005 | 20241016111318.0 | ||
| 008 | 231213b |||||||| |||| 00| 0 ||| d | ||
| 020 | _a9789944717977 | ||
| 040 |
_aTR-IsEVY _btur _cTR-IsEVY |
||
| 082 | _aFIC AKB/B | ||
| 100 | _aAk, Behiç. | ||
| 245 | 0 |
_aBenim bir karışım / _cBehiç Ak. |
|
| 250 | _a10. bs. | ||
| 260 |
_bGünışığı kitaplığı, _c2015. _aİstanbul : |
||
| 300 |
_a68 s. : _brenkli resimli ; _c20 cm. |
||
| 490 | 0 | _aTombiş Kitaplar. | |
| 650 | _aChildren's literature -- Short stories, Turkish. | ||
| 650 | _aÇocuk edebiyatı -- Hikaye, Türk. | ||
| 942 |
_2ddc _cBK |
||
| 999 |
_c20850 _d20850 |
||